000 004460000a22001810004500
003 MACL
005 20160101173320.0
008 160101b xxu||||| |||| 00| 0 eng d
040 _aMACL
_cMACL
041 _aEnglish
082 _a530/HAL
100 _aHalliday, David
_926560
245 _aFundamentals of Physics
260 _bJohn Wiley & Sons Inc
_c2002
_aNew York
350 _a485
650 _aPhysics
_926798
942 _cBK
_k530/HAL
_2ddc
999 _c37161
_d37161